000 00586nam a2200241Ia 4500
005 20250425161446.0
008 250425s9999 xx 000 0 und d
020 _a0136764452
041 _aeng
082 _a621.8672
100 _aLAMIT, LOUIS GARY
245 0 _aPIPING SYSTEMS: DRAFTING AND DESIGN
250 _a1ST ED.
260 _aENGLEWOOD
260 _aEstados Unidos
_bPRENTICE-HALL
_c1981
300 _a612
650 _aACCESORIOS DE TUBERIAS
650 _aBRIDAS PARA TUBERIAS
650 _aDISEÑO
650 _aTUBERIAS
942 _c01
010 _a20827
999 _c209716
_d209716